| 000 | 00779nam a22002537a 4500 | ||
|---|---|---|---|
| 001 | 3718 | ||
| 003 | FISKH | ||
| 005 | 20240424104833.0 | ||
| 008 | 240424b cb ||||| |||| 00| 0 eng d | ||
| 040 |
_aFISK _beng _cFISK _dFISK |
||
| 050 | _aPZ7.N647 | ||
| 082 | _a823.914 | ||
| 100 |
_aNix Garth _d1963- |
||
| 245 |
_aDrowned wednesday / _cGarth Nix |
||
| 260 |
_aNew York : _bScholastic, _c2006 |
||
| 300 |
_a389 pages : _c20 cm |
||
| 490 |
_aThe keys to the kingdom _vBook 3 |
||
| 505 | _aO | ||
| 520 | _aEveryone is after Arthur Penhaligon including strange pirates, shadowy creatures, and Drowned Wednesday, whose gluttony threatens both her world and Arthur's. | ||
| 521 | 8 |
_a840 _bLexile |
|
| 700 | _aGarth Nix | ||
| 942 |
_2lcc _cBK _n0 |
||
| 999 |
_c3718 _d3718 |
||